Представление документа в формате RUSMARC

ПолеНазваниеЗначение
  Тип записи a
  Библиографический уровень m
001 Контрольный номер 9c111caa9fa44a74a91268be5ff188fd
005 Дата корректировки 20260701114846.6
100 Данные общей обработки __
a Данные общей обработки 20260701d2024 m y0rusy028902 ca
101 Язык документа 1_
a Язык текста rus
c Язык оригинала chi
102 Страна публикации __
a Страна публикации RU
105 Кодированные данные (монография) __
a Кодированные данные (монография) a z 000ay
181 Поле кодированных данных: вид содержания _0
a Код вида содержания (ISBD) i
182 Поле кодированных данных: тип средства _0
a Код типа средства (ISBD) n
200 Заглавие и сведения об ответственности 1_
a Заглавие Удушающая сладость, заиндевелый пепел
e Сведения, относящиеся к заглавию роман : [в 2 книгах]
f Первые сведения об ответственности Дянь Сянь
203 Вид содержания и тип средства __
a Вид содержания Текст
c Тип средства непосредственный
210 Выходные данные 1_
a Место издания Москва
c Издательство АСТ
c Издательство Mainstream
d Дата издания 2024
225 Серия 2_
a Серия Хиты Китая
i Наименование части Фэнтези
330 Аннотация __
a Аннотация Даже сердце небожителя может быть разбито... Повелительница цветов Цзы Фэнь погибла из-за любви. Но перед смертью она сумела передать своей новорожденной дочери Цзинь Ми волшебную пилюлю, сдерживающую чувства, чтобы спасти ее сердце и защитить от боли. Девочка беззаботно росла, спрятанная от всего мира. За четыре тысячи лет она так и не смогла достичь бессмертия, оставаясь низшим духом вино-града. Поэтому когда Цзинь Ми нашла раненого Феникса, то все ее мысли были лишь о том, чтобы забрать его духовную силу. Внезапно птица обернулась прекрасным мужчиной — то был Повелитель огня Сюй Фэн, Второй принц Небесного царства. Гордый Феникс забирает Цзинь Ми с собой на Небеса. Там девушка встречает Первого принца, Повелителя ночи Жунь Юя. Он влюбляется в нее с первого взгляда. Сердца братьев тянутся к Цзинь Ми, вот только им неизвестно, что она неспособна познать любовь... История о борьбе между сыновьями Небесного Императора. О любви, что удушающе сладка и способна сжечь дотла пылающие сердца.
333 Примечание о целевом назначении __
a Примечание о целевом назначении 18+. Запрещено для детей
454 Оригинал _0
1 2001
a Heavy Sweetness Ash-like Frost
1 700 0
a Dian Xian
606 Тематические рубрики __
2 Код системы nlr_sh
a Основная рубрика Художественная литература
606 Тематические рубрики __
2 Код системы nlr_sh
a Основная рубрика Литература Азии (произведения)
y Географическая подрубрика Китай
z Хронологическая подрубрика 21 в.
610 Ключевые слова 0_
a Ключевые слова зарубежная литература
610 Ключевые слова 0_
a Ключевые слова современная литература
610 Ключевые слова 0_
a Ключевые слова молодежная литература
610 Ключевые слова 0_
a Ключевые слова young adult
610 Ключевые слова 0_
a Ключевые слова романы
610 Ключевые слова 0_
a Ключевые слова фэнтези
610 Ключевые слова 0_
a Ключевые слова азиатское фэнтези
610 Ключевые слова 0_
a Ключевые слова романтическое фэнтези
610 Ключевые слова 0_
a Ключевые слова любовное фэнтези
686 Индексы других классификаций __
2 Код системы rubbks
a Классификационный индекс 84(5Кит)6-445
700 Автор _0
a Фамилия Дянь Сянь
f Даты 1980-
4 Код отношения 070
801 Источник записи _0
a Страна RU
b Организация Муниципальное бюджетное учреждение культуры "Централизованная библиотечная система" г. Сургут (Центральная городская библиотека им. А. С. Пушкина)
c Дата составления 20260701
g Правила каталогизации PSBO
801 Источник записи _1
a Страна RU
b Организация Муниципальное бюджетное учреждение культуры "Централизованная библиотечная система" г. Сургут (Центральная городская библиотека им. А. С. Пушкина)
c Дата составления 20260701
g Правила каталогизации PSBO
852 Данные о местонахождении __
i Авторский знак Д 99
j Шифр хранения 84(5Кит)6-445
901 Тип документа __
a Ответственный КиК/Обаева
t Тип документа v
901 Тип документа __
a Ответственный без партии
903 Характеристики (МАРС) __
a Дата передачи 20260701
c Наименование библиотеки (МАРС) Муниципальное бюджетное учреждение культуры "Централизованная библиотечная система" г. Сургут (Центральная городская библиотека им. А. С. Пушкина)
969 Тип издания __
a Тип издания молодежное издание